| 000 | 00590nam a2200193Ia 4500 | ||
|---|---|---|---|
| 001 | 21564 | ||
| 003 | GE_BSU | ||
| 008 | 181216s||||||||xx |||||||||||||| ||und|| | ||
| 040 | _cGE_BSU | ||
| 245 | _aИнновации в образовании, №10 Октябрь 2017. | ||
| 245 | _cГл.ред.И.В. Сыромятников | ||
| 260 | _aМосква | ||
| 260 | _c2017 | ||
| 300 | _a139 стр. 30см. | ||
| 653 | _aИнновации в образовании, №10 Октябрь 2017. | ||
| 653 | _aПериодика | ||
| 653 | _aპერიოდიკა | ||
| 942 | _cCR | ||
| 999 |
_c54501 _d54501 |
||